00468nam a2200121Ia 4500003000400000005001700004008004100021040001800062041000800080100005700088245016400145260003700309OSt20260227101455.0211028s2019 xx 000 0 und d cAIMIT LIBRARY aeng aMonteiro, Sheeba Jasmine; Kamath, T Ramesh.g1716181 aChallenges to fill top and middle level employee positions in various industrial sectors in Dakshina Kannada and Udupi under the guidence of Lykora Mangalore / aMangalorebJustine P Jamesc2019